00353nam a22001337a 4500020001800000040000900018082001400027100002200041110002500063245003100088250001600119260004000135650004400175 a9788131717400 cNUST a519.4 GER aGerald, Curtis F. aWheatley, Patrick O. aApplied Numerical Analysis a7th Edition aNew Delhi:bPearson Educationc2016 aDME TEXTBOOK.APPLIED NUMERICAL ANALYSIS